000 00338nam a2200145Ia 4500
008 191201s2006 xx 000 0 und d
082 _a621.3
_bBIP
100 _aBIMBHRA, P.S
245 0 _aPower Electronics
250 _a1st Rep
260 _aN.Delhi
_bKhanna Publisher
_c2006
300 _a775
650 _aB.Tech(ECE)
942 _2ddc
_cBK
999 _c752
_d752